Botanique

保存先:
書誌詳細
フォーマット: 図書
言語:フランス語
出版事項: París Gallimard 1960
シリーズ:Encyclopédie de la Pléiade
主題:
タグ: タグ追加
タグなし, このレコードへの初めてのタグを付けませんか!

MARC

LEADER 00000nam a2200000 a 4500
001 UCZ6147
003 CL-VaPUC
008 951201e19600000FR |||||||||||||||||fre|d
082 0 4 |a 580  |b BOT  |2 21 
245 1 0 |a Botanique 
300 |a 1531 p 
942 |c BK 
945 |d 19951201 00:00:00  |a cmena 
260 |a París  |b Gallimard  |c 1960 
650 0 |a Botánica  |9 264202 
650 0 |a Ciencias de la vida  |9 314137 
650 0 |a Plantas  |9 264555 
650 0 |a Vegetación  |9 264748 
650 0 |a Anatomía vegetal  |9 269541 
650 0 |a Fisiología vegetal  |9 260158 
583 |a last modification  |c 19951201 00:00:00  |k Rodrigo Vera 
490 0 |a Encyclopédie de la Pléiade 
999 |c 242403  |d 242401 
952 |0 0  |1 0  |4 0  |6 580_000000000000000_BOT_1960  |7 0  |8 P  |9 255311  |a BIBEDU  |b BIBEDU  |c BIBEDU_PB  |d 2019-11-19  |i 1600923  |o 580 BOT 1960  |p 1600923  |r 2024-01-25  |w 2019-11-19  |y BK  |k FIL